000 00517nam a2200169Ia 4500
999 _c11097
_d11097
003 OSt
005 20191218145233.0
008 190216s9999||||xx |||||||||||||| ||und||
040 _coclc
082 _a338.95483
_bJOH/K
100 _aJohn, Antony J
_9543
245 0 _aKeralathinde Vikasana Sadhyadhadhakal /
_cAntony J John
260 _bPulkoodu Books,
_c2010.
_aKollam:
300 _a217p
650 _aKerala History-Kerala History
942 _cBK
_2ddc
_h338.95483
_iJOH/K
_k338.95483
_mJOH/K